| 000 | 01180nam a2200229Ia 4500 | ||
|---|---|---|---|
| 003 | OSt | ||
| 005 | 20211029155150.0 | ||
| 008 | 210310s2013 ck fr 000 0 spa d | ||
| 020 | _a9789588642345 | ||
| 040 |
_aCO-JMCR _cCO-JMCR |
||
| 041 | 0 | _aspa | |
| 082 | 0 | 4 |
_a338.9861 / _bD852d _223 |
| 100 | 1 |
_aDueña Gómez, Luis Hair, _917992 _eautor |
|
| 245 | 3 | 0 |
_aEl Desarrollo : _bde la economía al territorio / _cLuis Hair Dueña Gómez |
| 260 |
_aBogotá : _bUniversidad de Boyacá : _c2013 |
||
| 300 |
_a89 páginas ; _c29 cm. |
||
| 504 | _aBibliografía: páginas 74-88 | ||
| 505 | 0 | _aEl problema del desarrollo -- La situación actual -- La globalización -- La descentralización -- Las Críticas al modelo neoliberal -- Los nuevos enfoques -- El desarrollo y el ser humano -- El desarrollo con justicia distributiva -- El desarrollo a escala humana -- El desarrollo humano -- El neo-estructuralismo -- El desarrollo sostenible -- El pos-estructuralismo -- El desarrollo económico local -- La importancia del territorio | |
| 651 | 4 |
_aBoyacá (Colombia) _xCondiciones económicas _941352 |
|
| 651 | 4 |
_aBoyacá (Colombia) _xPolítica económica _941353 |
|
| 942 |
_2ddc _cBK |
||
| 999 |
_c8687 _d8687 |
||